[Event "6. Torneo Distrito Chamartin 2017"]
[Site "Madrid ESP"]
[Date "2017.09.05"]
[Round "3.12"]
[White "Alfaya Marcelo, Roberto"]
[Black "Viñas Lopez, Carlos"]
[Result "1-0"]
[WhiteElo "2126"]
[BlackElo "1894"]
[PlyCount "127"]
[EventDate "2017.09.04"]
[EventType "swiss"]
[EventRounds "9"]
[EventCountry "ESP"]
[SourceTitle "Ajedrez en Madrid"]
[Source "lmi"]
[SourceDate "2017.09.04"]
[SourceVersion "1"]
[SourceVersionDate "2018.03.05"]
[SourceQuality "1"]

1. e4 c5 2. Nf3 e6 3. d4 cxd4 4. Nxd4 Nf6 5. Nc3 Nc6 6. Ndb5 Bc5 7. Be2 O-O 8.
O-O a6 9. Nd6 Qc7 10. Nxc8 Raxc8 11. Bg5 Bd4 12. Bd3 Qe5 13. Bd2 d5 14. exd5
exd5 15. Qf3 Qd6 16. Rae1 Rfd8 17. Bf5 Rc7 18. Bf4 Be5 19. Bxe5 Nxe5 20. Qf4
Nc4 21. Qc1 g6 22. Bd3 Qb4 23. Qf4 Qd6 24. Qc1 Qb4 25. Bxc4 Qxc4 26. Qg5 Kg7
27. Rd1 Rcd7 28. Qe5 d4 29. Ne4 Qe6 30. Qxe6 fxe6 31. Nc5 Re7 32. Rfe1 e5 33.
c3 Kf7 34. Kf1 Rd5 35. cxd4 exd4 36. b4 a5 37. a3 axb4 38. axb4 b6 39. Rxe7+
Kxe7 40. Nb3 d3 41. Nc1 d2 42. Na2 Kd6 43. Ke2 Kc6 44. f3 Rd4 45. Rxd2 Rxd2+
46. Kxd2 Kb5 47. Kd3 Ka4 48. Kc4 b5+ 49. Kc5 Nd7+ 50. Kd6 Nb6 51. Kc5 Nd7+ 52.
Kd6 Nb6 53. Kc6 Nc4 54. Nc3+ Kxb4 55. Nxb5 Ne5+ 56. Kd5 Nd3 57. Nd4 Nf4+ 58.
Ke4 Nxg2 59. f4 Nh4 60. Ne6 Kc4 61. h3 h6 62. Nf8 g5 63. f5 Kc5 64. Ng6 1-0

[Event "6. Torneo Distrito Chamartin 2017"]
[Site "Madrid ESP"]
[Date "2017.09.05"]
[Round "3.13"]
[White "Cabañas Bravo, Juan Andres"]
[Black "Tarrio Ocaña, Jose Manuel"]
[Result "1/2-1/2"]
[WhiteElo "2009"]
[BlackElo "1869"]
[PlyCount "93"]
[EventDate "2017.09.04"]
[EventType "swiss"]
[EventRounds "9"]
[EventCountry "ESP"]
[SourceTitle "Ajedrez en Madrid"]
[Source "lmi"]
[SourceDate "2017.09.04"]
[SourceVersion "1"]
[SourceVersionDate "2018.03.05"]
[SourceQuality "1"]

1. e4 e6 2. d4 d5 3. Nd2 c5 4. exd5 Qxd5 5. Ngf3 Nc6 6. Bc4 Qd8 7. Nb3 cxd4 8.
O-O Nf6 9. Bb5 Bd7 10. Nfxd4 Nxd4 11. Nxd4 a6 12. Bxd7+ Qxd7 13. Bg5 Be7 14. c3
O-O 15. Qe2 Nd5 16. Bxe7 Qxe7 17. f4 Rfe8 18. Rae1 Qd7 19. Qg4 Nf6 20. Qh4 Qd6
21. Re5 Nd7 22. Rh5 Nf6 23. Re5 Nd7 24. Rg5 Qe7 25. Rf3 f6 26. Rh5 Nf8 27. Re3
Rad8 28. Qe1 g6 29. Rhh3 Qc5 30. Qh4 e5 31. b4 Qd6 32. fxe5 Rxe5 33. Qe1 Rde8
34. a4 Rxe3 35. Rxe3 Rxe3 36. Qxe3 Kf7 37. Qf3 Qe7 38. Kf2 Ne6 39. Qd5 f5 40.
b5 axb5 41. axb5 Kf6 42. b6 Nxd4 43. Qxd4+ Ke6 44. Qc4+ Kd6 45. Qc8 Qd7 46.
Qf8+ Kc6 47. Qb4 1/2-1/2

[Event "6. Torneo Distrito Chamartin 2017"]
[Site "Madrid ESP"]
[Date "2017.09.05"]
[Round "3.14"]
[White "Lozano Freras, Sergio"]
[Black "Clavero Alarcon, Jose Miguel"]
[Result "1-0"]
[WhiteElo "1969"]
[BlackElo "1824"]
[PlyCount "63"]
[EventDate "2017.09.04"]
[EventType "swiss"]
[EventRounds "9"]
[EventCountry "ESP"]
[SourceTitle "Ajedrez en Madrid"]
[Source "lmi"]
[SourceDate "2017.09.04"]
[SourceVersion "1"]
[SourceVersionDate "2018.03.05"]
[SourceQuality "1"]

1. e4 c5 2. Nf3 e6 3. d4 cxd4 4. Nxd4 a6 5. Bd3 Nf6 6. O-O d6 7. Nc3 Be7 8. f4
Nbd7 9. Qe2 Qc7 10. Kh1 b6 11. Bd2 Bb7 12. Rae1 h5 13. Bc4 Nc5 14. e5 dxe5 15.
fxe5 Ng4 16. b4 Qd7 17. Be3 Nxe3 18. Qxe3 h4 19. h3 O-O-O 20. Rd1 Qe8 21. bxc5
Bxc5 22. Nce2 Rh6 23. Bd3 f5 24. exf6 e5 25. f7 Qe7 26. f8=Q Rxf8 27. Rxf8+
Qxf8 28. Qxe5 Bd6 29. Qf5+ Qxf5 30. Nxf5 Rf6 31. Nxd6+ Rxd6 32. Rf1 1-0

[Event "6. Torneo Distrito Chamartin 2017"]
[Site "Madrid ESP"]
[Date "2017.09.05"]
[Round "3.15"]
[White "Garcia Villalba, Daniel"]
[Black "Alcoz Coll, Gonzalo"]
[Result "1/2-1/2"]
[WhiteElo "1827"]
[BlackElo "1960"]
[PlyCount "67"]
[EventDate "2017.09.04"]
[EventType "swiss"]
[EventRounds "9"]
[EventCountry "ESP"]
[SourceTitle "Ajedrez en Madrid"]
[Source "lmi"]
[SourceDate "2017.09.04"]
[SourceVersion "1"]
[SourceVersionDate "2018.03.05"]
[SourceQuality "1"]

1. e4 e5 2. Nf3 Nf6 3. Nxe5 d6 4. Nf3 Nxe4 5. Nc3 Nxc3 6. dxc3 Be7 7. Bf4 Nc6
8. Qd2 Be6 9. Nd4 Nxd4 10. cxd4 Qd7 11. Bd3 O-O 12. O-O d5 13. c3 c6 14. Qc2 h6
15. Rfe1 c5 16. dxc5 Bxc5 17. Rad1 Bg4 18. Be2 Rfe8 19. Bxg4 Qxg4 20. Qd2 Rxe1+
21. Rxe1 Rd8 22. Be3 Bxe3 23. Rxe3 Qa4 24. b3 Qc6 25. c4 Rc8 26. cxd5 Qxd5 27.
Rd3 Qf5 28. Rd8+ Rxd8 29. Qxd8+ Kh7 30. Qd1 b5 31. Kf1 a5 32. f3 f6 33. Kf2 b4
34. Qd2 1/2-1/2

[Event "6. Torneo Distrito Chamartin 2017"]
[Site "Madrid ESP"]
[Date "2017.09.05"]
[Round "3.16"]
[White "Lobato Lavin, Alvaro"]
[Black "Rodriguez Bachiller, Luis"]
[Result "1-0"]
[WhiteElo "1937"]
[BlackElo "1646"]
[PlyCount "95"]
[EventDate "2017.09.04"]
[EventType "swiss"]
[EventRounds "9"]
[EventCountry "ESP"]
[SourceTitle "Ajedrez en Madrid"]
[Source "lmi"]
[SourceDate "2017.09.04"]
[SourceVersion "1"]
[SourceVersionDate "2018.03.05"]
[SourceQuality "1"]

1. e4 c6 2. d4 d5 3. f3 e5 4. dxe5 Qc7 5. exd5 Qxe5+ 6. Ne2 Qxd5 7. Qxd5 cxd5
8. Nbc3 Nf6 9. Bg5 Be6 10. O-O-O Nbd7 11. Nf4 Be7 12. Bxf6 Nxf6 13. Bb5+ Kf8
14. Nfxd5 Nxd5 15. Nxd5 Bg5+ 16. Kb1 Rd8 17. Rhe1 g6 18. Nc7 Rxd1+ 19. Rxd1 Ke7
20. Re1 Rd8 21. Nxe6 fxe6 22. Bd3 Kf6 23. g3 Bd2 24. Re2 Ba5 25. a3 h6 26. f4
Bc7 27. Kc1 g5 28. fxg5+ hxg5 29. Rf2+ Kg7 30. Kd2 Rf8 31. Rxf8 Kxf8 32. Ke3
Ke7 33. Ke4 Kf6 34. Bb5 b6 35. Be2 Bd6 36. b4 Be5 37. Bg4 Bb2 38. a4 Bc3 39. b5
Bb4 40. h4 gxh4 41. gxh4 Be1 42. h5 Bd2 43. c4 Bh6 44. Kd4 Bf8 45. Ke4 Bh6 46.
c5 bxc5 47. a5 Bd2 48. b6 1-0

[Event "6. Torneo Distrito Chamartin 2017"]
[Site "Madrid ESP"]
[Date "2017.09.05"]
[Round "3.17"]
[White "Serrera Sanchez Romo, Sergio"]
[Black "Bustos Bernardo, Samuel"]
[Result "0-1"]
[WhiteElo "1684"]
[BlackElo "2096"]
[PlyCount "112"]
[EventDate "2017.09.04"]
[EventType "swiss"]
[EventRounds "9"]
[EventCountry "ESP"]
[SourceTitle "Ajedrez en Madrid"]
[Source "lmi"]
[SourceDate "2017.09.04"]
[SourceVersion "1"]
[SourceVersionDate "2018.03.05"]
[SourceQuality "1"]

1. c4 Nf6 2. Nf3 c5 3. d4 g6 4. Nc3 Bg7 5. g3 O-O 6. Bg2 cxd4 7. Nxd4 Nc6 8.
O-O Qb6 9. e3 d6 10. b3 Bd7 11. Bb2 Rac8 12. Nd5 Nxd5 13. Bxd5 Rfe8 14. Bg2 Ne5
15. Rb1 Bg4 16. Qd2 a6 17. f3 Bd7 18. Ne2 Bc6 19. Bxe5 Bxe5 20. Nd4 Bd7 21. f4
Bg7 22. Kh1 Qa7 23. Rbc1 Rc7 24. Bf3 Rec8 25. Rfd1 b5 26. Be2 Bh3 27. Nf3 Qa8
28. Qd5 Qxd5 29. Rxd5 Be6 30. Rd2 d5 31. Ng5 Bd7 32. Rcd1 bxc4 33. bxc4 Ba4 34.
cxd5 Bxd1 35. Bxd1 h6 36. Ne4 Rc4 37. Nf2 Rc1 38. Kg2 Bc3 39. Rd3 Be1 40. Kf1
Bxf2 41. Kxf2 Rb1 42. Ke2 Rb2+ 43. Rd2 Rxd2+ 44. Kxd2 Kf8 45. Bb3 Ke8 46. e4
Kd7 47. Ba4+ Kd6 48. Bb3 f6 49. h3 Kc5 50. Kd3 Rb8 51. Kc3 Rb4 52. Kd3 a5 53.
Kc3 Rxe4 54. Kd3 Rb4 55. Kc3 a4 56. a3 Rxb3+ 0-1

[Event "6. Torneo Distrito Chamartin 2017"]
[Site "Madrid ESP"]
[Date "2017.09.05"]
[Round "3.18"]
[White "Aziz Ortego, Omar Luis"]
[Black "Martinez Miura, Enrique"]
[Result "1-0"]
[WhiteElo "2069"]
[BlackElo "1684"]
[PlyCount "99"]
[EventDate "2017.09.04"]
[EventType "swiss"]
[EventRounds "9"]
[EventCountry "ESP"]
[SourceTitle "Ajedrez en Madrid"]
[Source "lmi"]
[SourceDate "2017.09.04"]
[SourceVersion "1"]
[SourceVersionDate "2018.03.05"]
[SourceQuality "1"]

1. e4 e6 2. d4 d5 3. e5 c5 4. c3 cxd4 5. cxd4 Bb4+ 6. Nc3 Ne7 7. Nf3 O-O 8. Bd3
h6 9. a3 Ba5 10. b4 Bc7 11. Be3 a6 12. g4 Nbc6 13. h4 Bd7 14. h5 f5 15. exf6
Rxf6 16. g5 hxg5 17. Bxg5 Qf8 18. Bxf6 Qxf6 19. h6 gxh6 20. Nh4 Kh8 21. Ng6+
Kg7 22. Qg4 Qg5 23. Qxg5 hxg5 24. Nxe7 Nxe7 25. Rh7+ Kf6 26. Rc1 Bf4 27. Rc2
Rc8 28. Ne2 Bc6 29. Nxf4 gxf4 30. a4 Bxa4 31. Rxc8 Nxc8 32. Rxb7 Nd6 33. Rb6
Bb5 34. Bxb5 Nxb5 35. Kd2 Nxd4 36. Kd3 Ke5 37. Rxa6 Nb3 38. Rc6 Nd4 39. Rc5 Nb3
40. Rc8 Nd4 41. Rf8 Nb5 42. Rb8 Nd6 43. b5 Nc4 44. Rc8 Nb2+ 45. Kc3 Na4+ 46.
Kb4 Nb6 47. Rc6 Nd7 48. b6 d4 49. b7 Kd5 50. Rc8 1-0

[Event "6. Torneo Distrito Chamartin 2017"]
[Site "Madrid ESP"]
[Date "2017.09.05"]
[Round "3.19"]
[White "Barragan Panal, Juan Jose"]
[Black "Gomez Ferrer, Jesus"]
[Result "1/2-1/2"]
[WhiteElo "1683"]
[BlackElo "2035"]
[PlyCount "87"]
[EventDate "2017.09.04"]
[EventType "swiss"]
[EventRounds "9"]
[EventCountry "ESP"]
[SourceTitle "Ajedrez en Madrid"]
[Source "lmi"]
[SourceDate "2017.09.04"]
[SourceVersion "1"]
[SourceVersionDate "2018.03.05"]
[SourceQuality "1"]

1. d4 Nf6 2. Nf3 e6 3. g3 c5 4. c3 Nc6 5. Bg2 h6 6. Nbd2 d5 7. O-O Bd6 8. Re1
cxd4 9. cxd4 Bb4 10. a3 Bxd2 11. Bxd2 O-O 12. Rc1 Qb6 13. Bc3 Ne4 14. e3 a5 15.
Nd2 f5 16. Nb3 Qd8 17. Nc5 Qd6 18. Nd3 Nxc3 19. Rxc3 Bd7 20. Nc5 Nd8 21. Nxd7
Qxd7 22. Qc2 Nc6 23. Bf1 Qd6 24. Rc1 e5 25. dxe5 Qxe5 26. Bg2 h5 27. Qd2 Rad8
28. Rc5 Kh8 29. b4 axb4 30. axb4 h4 31. Rxd5 Rxd5 32. Qxd5 Qb2 33. Qc4 f4 34.
Bxc6 bxc6 35. exf4 h3 36. Rc2 Qb1+ 37. Rc1 Qb2 38. Qf1 Kg8 39. Rxc6 Rd8 40.
Qc4+ Kh7 41. Qc1 Qxb4 42. Rc8 Qd4 43. Rxd8 Qxd8 44. Qf1 1/2-1/2

[Event "6. Torneo Distrito Chamartin 2017"]
[Site "Madrid ESP"]
[Date "2017.09.05"]
[Round "3.20"]
[White "De la Aldea Martin, Alvaro"]
[Black "Garcia Galeote, Lorenzo"]
[Result "0-1"]
[WhiteElo "1605"]
[BlackElo "1989"]
[PlyCount "40"]
[EventDate "2017.09.04"]
[EventType "swiss"]
[EventRounds "9"]
[EventCountry "ESP"]
[SourceTitle "Ajedrez en Madrid"]
[Source "lmi"]
[SourceDate "2017.09.04"]
[SourceVersion "1"]
[SourceVersionDate "2018.03.05"]
[SourceQuality "1"]

1. d4 Nc6 2. Nf3 d6 3. g3 g6 4. Bg2 Bg7 5. c3 Nf6 6. O-O O-O 7. Nbd2 e5 8. d5
Nxd5 9. Nxe5 dxe5 10. Qb3 Nb6 11. Ne4 h6 12. f4 Be6 13. Qc2 Bf5 14. fxe5 Nxe5
15. Bf4 Qe7 16. Rad1 Rad8 17. h3 Rxd1 18. Rxd1 Re8 19. Qc1 Nec4 20. Nf2 Ne3 0-1

[Event "6. Torneo Distrito Chamartin 2017"]
[Site "Madrid ESP"]
[Date "2017.09.05"]
[Round "3.21"]
[White "Osuna Osuna, Francisco"]
[Black "Mkrtchyan, Levon"]
[Result "0-1"]
[WhiteElo "1574"]
[BlackElo "1964"]
[PlyCount "58"]
[EventDate "2017.09.04"]
[EventType "swiss"]
[EventRounds "9"]
[EventCountry "ESP"]
[SourceTitle "Ajedrez en Madrid"]
[Source "lmi"]
[SourceDate "2017.09.04"]
[SourceVersion "1"]
[SourceVersionDate "2018.03.05"]
[SourceQuality "1"]

1. e4 e6 2. d3 d5 3. Nd2 Nf6 4. g3 b6 5. Bg2 Bb7 6. e5 Nfd7 7. d4 c5 8. c3 Nc6
9. Ne2 Ba6 10. Nf3 Be7 11. O-O O-O 12. Re1 Rc8 13. h4 cxd4 14. Nexd4 Qc7 15.
Bf4 Nxd4 16. Nxd4 Nc5 17. Qg4 Kh8 18. Bg5 Nd3 19. Bxe7 Qxe7 20. Re3 Nxb2 21.
Bxd5 Rc5 22. Bxe6 fxe6 23. Nxe6 Bc8 24. Rf3 Rxf3 25. Qxf3 Bxe6 26. Re1 Nc4 27.
Qa8+ Rc8 28. Qe4 Rf8 29. f4 Qc5+ 0-1

[Event "6. Torneo Distrito Chamartin 2017"]
[Site "Madrid ESP"]
[Date "2017.09.05"]
[Round "3.22"]
[White "Algaba Traspuesto, Jose Antonio"]
[Black "Porras Fernandez, Alberto"]
[Result "1/2-1/2"]
[WhiteElo "1566"]
[BlackElo "1959"]
[PlyCount "149"]
[EventDate "2017.09.04"]
[EventType "swiss"]
[EventRounds "9"]
[EventCountry "ESP"]
[SourceTitle "Ajedrez en Madrid"]
[Source "lmi"]
[SourceDate "2017.09.04"]
[SourceVersion "1"]
[SourceVersionDate "2018.03.05"]
[SourceQuality "1"]

1. d4 g6 2. Bf4 d6 3. e4 Bg7 4. c3 Nf6 5. Nd2 Nbd7 6. Ngf3 O-O 7. h3 Re8 8. Be2
e5 9. dxe5 dxe5 10. Bh2 Qe7 11. O-O Nh5 12. Re1 Nf4 13. Bf1 b6 14. Qc2 Bb7 15.
g3 Ne6 16. Bg2 a5 17. Rad1 Rad8 18. Nc4 Ba6 19. Ne3 c6 20. Rd2 Ndc5 21. Red1 h5
22. b4 Nb7 23. a3 Nc7 24. g4 Rxd2 25. Rxd2 hxg4 26. Nxg4 f6 27. Qb3+ Qf7 28.
Qxf7+ Kxf7 29. Nh4 Re7 30. f4 exf4 31. Bxf4 Ne6 32. Be3 axb4 33. cxb4 c5 34.
Nh6+ Bxh6 35. Bxh6 Nd4 36. Be3 Ne2+ 37. Kh2 Nc3 38. Rc2 Nxe4 39. bxc5 bxc5 40.
Rb2 Ned6 41. Bd5+ Kg7 42. Bf2 Re2 43. Rxe2 Bxe2 44. Ng2 g5 45. h4 Kg6 46. hxg5
fxg5 47. Kg3 Kf5 48. Be3 c4 49. Kf2 Bd3 50. Ne1 Be4 51. Bg8 g4 52. Kg3 c3 53.
Bh7+ Ke5 54. Bxe4 Kxe4 55. Bc1 Kf5 56. Nc2 Ne4+ 57. Kg2 Ke5 58. Ne3 g3 59. Nf1
Kd4 60. Nxg3 Nxg3 61. Kxg3 Kd3 62. Kf2 Nc5 63. Ke1 Kc2 64. Bh6 Kb3 65. Kd1 Ne6
66. a4 Nd4 67. a5 Kb2 68. a6 c2+ 69. Ke1 Nb5 70. Kf2 Kc3 71. Kf3 Kd3 72. Kg4
Kc4 73. Kg3 Kd5 74. Kf2 Kc6 75. Ke1 1/2-1/2

[Event "6. Torneo Distrito Chamartin 2017"]
[Site "Madrid ESP"]
[Date "2017.09.05"]
[Round "3.23"]
[White "Anton Quevedo, Andrea"]
[Black "Tudela Garcia, Antonio"]
[Result "1-0"]
[WhiteElo "1954"]
[BlackElo "1593"]
[PlyCount "81"]
[EventDate "2017.09.04"]
[EventType "swiss"]
[EventRounds "9"]
[EventCountry "ESP"]
[SourceTitle "Ajedrez en Madrid"]
[Source "lmi"]
[SourceDate "2017.09.04"]
[SourceVersion "1"]
[SourceVersionDate "2018.03.05"]
[SourceQuality "1"]

1. e4 e5 2. Nf3 Nc6 3. Bc4 Be7 4. d4 d6 5. h3 exd4 6. Nxd4 Ne5 7. Bb3 Nf6 8.
Nc3 O-O 9. O-O a6 10. f4 Ned7 11. Qf3 Nc5 12. Be3 Nxb3 13. Nxb3 Qe8 14. Rad1
Bd7 15. Nd4 Qc8 16. e5 Ne8 17. Qg3 Bf5 18. Qf3 c6 19. Ne4 Bxe4 20. Qxe4 d5 21.
Qd3 Bc5 22. Rf3 Bxd4 23. Qxd4 f5 24. Qb4 Rf7 25. Bc5 Qe6 26. Rb3 b5 27. Qa5 Qc8
28. Re1 Nc7 29. Qd2 Ne6 30. Bd6 Qd7 31. Qf2 Qa7 32. Qxa7 Raxa7 33. Rc3 Nd8 34.
e6 Rfe7 35. Bxe7 Rxe7 36. Ra3 Rxe6 37. Rxe6 Nxe6 38. Rxa6 Nxf4 39. Rxc6 Ne2+
40. Kf2 Nf4 41. Rc5 1-0

[Event "6. Torneo Distrito Chamartin 2017"]
[Site "Madrid ESP"]
[Date "2017.09.05"]
[Round "3.24"]
[White "Zhou, Lulu"]
[Black "Yaniz Lana, Francisco Javier"]
[Result "1-0"]
[WhiteElo "1928"]
[BlackElo "1572"]
[PlyCount "79"]
[EventDate "2017.09.04"]
[EventType "swiss"]
[EventRounds "9"]
[EventCountry "ESP"]
[SourceTitle "Ajedrez en Madrid"]
[Source "lmi"]
[SourceDate "2017.09.04"]
[SourceVersion "1"]
[SourceVersionDate "2018.03.05"]
[SourceQuality "1"]

1. e4 c5 2. Nf3 Nc6 3. d4 cxd4 4. Nxd4 g6 5. c4 Bg7 6. Be3 Nf6 7. Nc3 Ng4 8.
Qxg4 Nxd4 9. Qd1 Ne6 10. Be2 O-O 11. O-O d6 12. Rc1 a5 13. b3 Bd7 14. f3 Bc6
15. Qd2 Rc8 16. Rfd1 Re8 17. Kh1 Nc5 18. Bd4 Ne6 19. Bxg7 Nxg7 20. Qe3 Rc7 21.
a3 Rd7 22. b4 axb4 23. axb4 b6 24. Ra1 Bb7 25. Nd5 Bxd5 26. cxd5 Rb7 27. Bb5
Rf8 28. Bc6 Rb8 29. Ra7 f5 30. Rd7 Qc8 31. Rxe7 Qa6 32. Qc3 Nh5 33. e5 Qe2 34.
Re1 Qf2 35. exd6 Rf6 36. Qe5 g5 37. d7 Nf4 38. Qxb8+ Rf8 39. Qxf8+ Kxf8 40.
d8=Q# 1-0

[Event "6. Torneo Distrito Chamartin 2017"]
[Site "Madrid ESP"]
[Date "2017.09.05"]
[Round "3.25"]
[White "Alonso Abad, Enrique"]
[Black "Ochoa Gonzalez, Hugo"]
[Result "1-0"]
[WhiteElo "1923"]
[BlackElo "1556"]
[PlyCount "85"]
[EventDate "2017.09.04"]
[EventType "swiss"]
[EventRounds "9"]
[EventCountry "ESP"]
[SourceTitle "Ajedrez en Madrid"]
[Source "lmi"]
[SourceDate "2017.09.04"]
[SourceVersion "1"]
[SourceVersionDate "2018.03.05"]
[SourceQuality "1"]

1. d4 Nf6 2. Bf4 g6 3. Nf3 d6 4. e3 Bg7 5. h3 O-O 6. Be2 Nbd7 7. O-O b6 8. a4
a5 9. Nc3 Bb7 10. Bh2 Ne4 11. Nxe4 Bxe4 12. Nd2 Bb7 13. c3 Nf6 14. Bf3 d5 15.
Qc2 Rc8 16. e4 e6 17. exd5 Nxd5 18. Rad1 Qe7 19. Rfe1 c6 20. Nc4 Rcd8 21. Qb3
c5 22. Be5 cxd4 23. Bxd4 Bxd4 24. Rxd4 Qc7 25. Na3 Ne7 26. Nb5 Qb8 27. Bxb7
Qxb7 28. Nd6 Rxd6 29. Rxd6 Nd5 30. Rd1 Re8 31. Qb5 Qe7 32. Rd7 Qf8 33. c4 Nf4
34. Qxb6 Kg7 35. Rd8 Rxd8 36. Rxd8 Qe7 37. Qd4+ e5 38. Qd6 Qb7 39. Qxe5+ f6 40.
Qxf4 Qe7 41. Qd6 Qe1+ 42. Kh2 Qxf2 43. Qf8# 1-0

[Event "6. Torneo Distrito Chamartin 2017"]
[Site "Madrid ESP"]
[Date "2017.09.05"]
[Round "3.27"]
[White "Lopez Garcia, Rafael"]
[Black "Marcos Herrero, Francisco"]
[Result "0-1"]
[WhiteElo "1392"]
[BlackElo "1872"]
[PlyCount "92"]
[EventDate "2017.09.04"]
[EventType "swiss"]
[EventRounds "9"]
[EventCountry "ESP"]
[SourceTitle "Ajedrez en Madrid"]
[Source "lmi"]
[SourceDate "2017.09.04"]
[SourceVersion "1"]
[SourceVersionDate "2018.03.05"]
[SourceQuality "1"]

1. d4 Nf6 2. Nf3 c5 3. e3 g6 4. Bd3 Bg7 5. b3 O-O 6. Bb2 d5 7. O-O Nc6 8. Nbd2
Bg4 9. a3 cxd4 10. exd4 Qb6 11. c3 e5 12. dxe5 Nxe5 13. Be2 Nc6 14. b4 a6 15.
h3 Bf5 16. Nh4 Be6 17. Bd3 Ne5 18. Bc2 Rfe8 19. Re1 Nc4 20. Nxc4 dxc4 21. Bc1
Nd5 22. Be3 Nxe3 23. Rxe3 Bh6 24. Re1 Rad8 25. Qf3 Rd2 26. Re2 Red8 27. Rae1
R8d7 28. Qf6 Bg7 29. Qf3 Qd8 30. g3 Qf6 31. Qe3 Qxc3 32. Qe4 Rxe2 33. Rxe2 Qxa3
34. Nf3 h5 35. Ng5 Qc1+ 36. Kh2 Qxg5 37. h4 Qd5 38. Qf4 Qd6 39. Qg5 Qd5 40. Qf4
Qd4 41. Qb8+ Kh7 42. Qe8 Bg4 43. Bxg6+ fxg6 44. Re3 c3 45. Qc8 Rf7 46. Qxc3
Qxc3 0-1

[Event "6. Torneo Distrito Chamartin 2017"]
[Site "Madrid ESP"]
[Date "2017.09.05"]
[Round "3.28"]
[White "Fernandez Aransay, Fernando"]
[Black "Picazo Sancho, Carolina"]
[Result "1-0"]
[WhiteElo "1844"]
[BlackElo "1486"]
[PlyCount "111"]
[EventDate "2017.09.04"]
[EventType "swiss"]
[EventRounds "9"]
[EventCountry "ESP"]
[SourceTitle "Ajedrez en Madrid"]
[Source "lmi"]
[SourceDate "2017.09.04"]
[SourceVersion "1"]
[SourceVersionDate "2018.03.05"]
[SourceQuality "1"]

1. e4 c5 2. Nf3 Nc6 3. d4 cxd4 4. Nxd4 a6 5. Nc3 e6 6. Nxc6 bxc6 7. b3 Bb4 8.
Bb2 Nf6 9. Bd3 Qa5 10. Qd2 d5 11. a3 Be7 12. O-O Qc7 13. Qe2 Bd6 14. h3 O-O 15.
Rae1 Be5 16. Kh1 dxe4 17. Bxe4 Bb7 18. Bxh7+ Nxh7 19. Qxe5 Qxe5 20. Rxe5 Rfd8
21. Ne4 Rd5 22. Nc5 Bc8 23. Rxd5 cxd5 24. c4 Nf8 25. Rd1 Nd7 26. Nxd7 Bxd7 27.
cxd5 exd5 28. Rxd5 Be6 29. Rd3 Rb8 30. b4 a5 31. Bc3 axb4 32. axb4 Rb5 33. Rg3
g6 34. Rd3 Rd5 35. Re3 Rb5 36. Kh2 Kh7 37. Re5 Rxe5 38. Bxe5 Bc4 39. f4 Bb5 40.
g4 Bd7 41. Kg3 Kg8 42. Kh4 f5 43. Kg5 Kf7 44. gxf5 Bxf5 45. h4 Bd3 46. h5 gxh5
47. Kxh5 Ke7 48. Kg5 Ke6 49. Bb8 Bb5 50. f5+ Kf7 51. Be5 Bc4 52. Kf4 Bd3 53. f6
Ke6 54. Bc3 Bc4 55. Ke4 Bb5 56. Kd4 1-0

[Event "6. Torneo Distrito Chamartin 2017"]
[Site "Madrid ESP"]
[Date "2017.09.05"]
[Round "3.31"]
[White "Callejo Hernanz, Jesus Maria"]
[Black "Pareja Cerrato, Antonio"]
[Result "1-0"]
[WhiteElo "1820"]
[BlackElo "1525"]
[PlyCount "81"]
[EventDate "2017.09.04"]
[EventType "swiss"]
[EventRounds "9"]
[EventCountry "ESP"]
[SourceTitle "Ajedrez en Madrid"]
[Source "lmi"]
[SourceDate "2017.09.04"]
[SourceVersion "1"]
[SourceVersionDate "2018.03.05"]
[SourceQuality "1"]

1. d4 d5 2. Nf3 Nc6 3. g3 Bf5 4. a3 h6 5. Bg2 e6 6. O-O Bd6 7. c4 dxc4 8. Nc3
Nf6 9. Qa4 O-O 10. Qxc4 Ne4 11. Nd2 Nxd2 12. Bxd2 Qd7 13. e4 Bg6 14. Rac1 e5
15. Be3 a6 16. Rfd1 Rfe8 17. dxe5 Nxe5 18. Qe2 Qg4 19. f3 Qe6 20. Nd5 Nc6 21.
Qf1 Bh7 22. Bh3 Qg6 23. Qf2 Re5 24. Bf4 Rxd5 25. Rxd5 Bxf4 26. Bf5 Qxf5 27.
exf5 Bxc1 28. Qe2 Kf8 29. Qc4 Bxb2 30. Rd7 Bd4+ 31. Rxd4 Nxd4 32. Qxd4 Re8 33.
Kf2 f6 34. Qd7 Re7 35. Qc8+ Kf7 36. g4 c6 37. Kg3 g6 38. Qh8 gxf5 39. Qxh7+ Ke6
40. gxf5+ Kd7 41. Qxh6 1-0

[Event "6. Torneo Distrito Chamartin 2017"]
[Site "Madrid ESP"]
[Date "2017.09.05"]
[Round "3.32"]
[White "Perez Cameselle, Francisco Jose"]
[Black "Enriquez Pastor, Jorge"]
[Result "1/2-1/2"]
[WhiteElo "1789"]
[BlackElo "1472"]
[PlyCount "144"]
[EventDate "2017.09.04"]
[EventType "swiss"]
[EventRounds "9"]
[EventCountry "ESP"]
[SourceTitle "Ajedrez en Madrid"]
[Source "lmi"]
[SourceDate "2017.09.04"]
[SourceVersion "1"]
[SourceVersionDate "2018.03.05"]
[SourceQuality "1"]

1. d4 Nf6 2. c4 g6 3. Nc3 Bg7 4. g3 O-O 5. Bg2 d6 6. Nf3 Qe8 7. e4 e5 8. d5 a6
9. Qe2 Nbd7 10. O-O Nc5 11. b4 Na4 12. Nxa4 Qxa4 13. Bd2 Qc2 14. Ne1 Qb2 15.
Nd3 Qa3 16. Rfc1 Qa4 17. c5 Qe8 18. a4 Bd7 19. Nb2 Nh5 20. cxd6 cxd6 21. Nc4
Qe7 22. Nb6 Rab8 23. Rc7 Rfd8 24. Rac1 Qe8 25. Nxd7 Rxd7 26. Qc4 Rxc7 27. Qxc7
Qd8 28. b5 axb5 29. axb5 Bf6 30. b6 Ng7 31. Be3 Ne8 32. Qc4 Be7 33. Bh3 Nf6 34.
f3 Kg7 35. Qb5 Ne8 36. Bd7 Nf6 37. Bh3 Ne8 38. Qb3 Nf6 39. Rc4 Nd7 40. Bxd7
Qxd7 41. Rc7 Qe8 42. Qc2 Bd8 43. Rc8 Rxc8 44. Qxc8 Qe7 45. Kg2 f6 46. h4 Kf7
47. h5 gxh5 48. Qf5 Ke8 49. Qxh5+ Qf7 50. Qg4 Qe7 51. Qg8+ Kd7 52. Qg4+ Ke8 53.
Qc8 Qd7 54. Qa8 Ke7 55. Qb8 Ke8 56. g4 Ke7 57. Kg3 Kf7 58. Qa8 Kg6 59. Qb8 Kf7
60. Qa8 Kg6 61. Qa2 Kf7 62. Qh2 Ke8 63. Qh5+ Qf7 64. Qf5 Qe7 65. Qh5+ Qf7 66.
Qf5 Qe7 67. Qc8 Qd7 68. Qa8 Kf7 69. Qa2 Ke8 70. Qd2 Qe7 71. Qh2 Qd7 72. Qh5+
Qf7 1/2-1/2

[Event "6. Torneo Distrito Chamartin 2017"]
[Site "Madrid ESP"]
[Date "2017.09.05"]
[Round "3.34"]
[White "Gijon Molina, Carlos"]
[Black "Lizon Martinez, Santiago"]
[Result "0-1"]
[WhiteElo "1189"]
[BlackElo "1750"]
[PlyCount "48"]
[EventDate "2017.09.04"]
[EventType "swiss"]
[EventRounds "9"]
[EventCountry "ESP"]
[SourceTitle "Ajedrez en Madrid"]
[Source "lmi"]
[SourceDate "2017.09.04"]
[SourceVersion "1"]
[SourceVersionDate "2018.03.05"]
[SourceQuality "1"]

1. d4 Nf6 2. c4 e6 3. Nc3 Bb4 4. Qc2 b6 5. Nf3 Bb7 6. Bg5 h6 7. Bh4 g5 8. Bg3
Ne4 9. h3 Bxc3+ 10. bxc3 Nxg3 11. fxg3 d6 12. Rd1 Nd7 13. e4 Qf6 14. Bd3 O-O-O
15. Kf2 h5 16. Rhe1 g4 17. e5 dxe5 18. Be4 gxf3 19. Bxb7+ Kxb7 20. dxe5 Qg6 21.
Qa4 Nc5 22. Rxd8 Rxd8 23. Qa3 Nd3+ 24. Kf1 fxg2+ 0-1